00757 2200277 4500001002100000005001700021008004100038020001800079035002400097082001000121090001700131100001300148245008700161250001100248260003500259300003000294500002900324650002300353700002100376850001500397980001500412985000600427999001500433999001500448990001600463YOGYA-0209000003421320090227024852.0 ind  a979-489-406-0 0010-020900000034213 a632.9 a632.9bKus P aKUSNAEDI aPengendalian hama tanpa pestisidacpenyusun Kusnaedi ; ilustrator, Johannes Sugito aCet. 1 aJakartabPenebar Swadayac1997 aviii, 94 hlmbilusc20 cm aBibliografi : hlm. 91-93 aHama, pengendalian aSugito, Yohannes aYOPDYOG(B) a17-10-2006 a2 a98P0115614 a98P0115615 a115614-P/98